| 000 | 00683nam a2200241Ia 4500 | ||
|---|---|---|---|
| 003 | OSt | ||
| 005 | 20260305114905.0 | ||
| 008 | 210210b1958 xxu||||| |||| 00| 0 eng d | ||
| 040 | _cAL | ||
| 041 | _aHindi | ||
| 082 | _a862/3 | ||
| 100 |
_aAGARVAL (D G) _dअग्रवाल (डी जी) _9257764 |
||
| 245 |
_aHirakud band yojana ki kahani _bहीराकुंड बांध योजना की कहानी |
||
| 260 |
_aDilli _b- _c1958 |
||
| 650 |
_ayojana _9257765 |
||
| 650 |
_aki _9257766 |
||
| 650 |
_akahani _9257767 |
||
| 650 |
_aHirakud _9257768 |
||
| 650 |
_aband _9257769 |
||
| 690 |
_aHindi Prose _9257770 |
||
| 906 | _a023250 | ||
| 942 |
_2ddc _cBK |
||
| 999 |
_c148185 _d148185 |
||